[Event "EU-Cup 09th Group5"]
[Site "Balatonbereny"]
[Date "1993.09.08"]
[Round "2"]
[White "Tolnai, Tibor"]
[Black "Cvitan, Ognjen"]
[Result "1/2-1/2"]
[WhiteElo "2490"]
[BlackElo "2550"]
[Annotator "Horvath,Ta"]
[PlyCount "83"]
[EventDate "1993.09.07"]
[EventType "team-k.o."]
[EventRounds "3"]
[EventCountry "HUN"]
[SourceTitle "EXT 2020"]
[Source "ChessBase"]
[SourceDate "2019.10.17"]
[SourceVersion "1"]
[SourceVersionDate "2019.10.17"]
[SourceQuality "1"]
[WhiteTeam "Budapest Honved"]
[BlackTeam "Zagreb Mladost-Novogradnja"]
[WhiteTeamCountry "HUN"]
[BlackTeamCountry "CRO"]

1. e4 {Ernst} c5 2. Nf3 e6 3. d4 cxd4 4. Nxd4 Nf6 5. Nc3 d6 6. Be3 a6 7. g4 Be7
(7... e5 8. Nf5 g6 9. Bg2 $5 (9. g5 gxf5 10. exf5 (10. gxf6 f4 11. Bc4 Be6 (
11... fxe3 12. Bxf7+ Kxf7 13. Qh5+ Ke6 14. Qf5+ $10) 12. Bxe6 fxe6 13. Qh5+ Kd7
$44 {Ljubojevic-Polugaevsky/Roguebrune/1992}) 10... d5 11. gxf6 (11. Qf3 d4 12.
O-O-O Nbd7 13. Rxd4 $5 exd4 14. Bxd4 Bc5 15. Bxc5 Nxc5 16. Bc4 Qe7 (16... Qd4
17. Re1+ Kf8 18. gxf6 $44 {Enders-Orgovan/Gyöngyös/1988}) 17. gxf6 Qe5 18. Rd1
Bxf5 19. Rd5 Qe1+ 20. Rd1 {Gipslis-Rostia1/4:1/4 /UdSSR/1989}) 11... d4 12. Bc4
Qc7 (12... Qxf6 13. Nd5 Qc6 14. Bxd4 Bb4+ 15. c3 Qxc4 16. Be3 Be7 17. Nb6 Qc6
18. Rg1 Nd7 19. Nxa8 b5 20. Qd5 $1 Qb7 $1 $14 {Thhorhallsson-Arnason/Reykjavik/
1992}) 13. Qd3 dxc3 14. O-O-O Nc6 15. Rhe1 $44 {Kotronias-Arnason/Reykjavik/
1992}) 9... gxf5 (9... h5 10. h3 hxg4 11. hxg4 Rxh1+ 12. Bxh1 gxf5 13. exf5 d5
14. Nxd5 Nxd5 15. Bxd5 $44 {Szalanczy-Orsó/Budapest/1989}) (9... d5 $5 10. Bg5
gxf5 11. Nxd5 Be7 12. Bxf6 Bxf6 13. exf5 h5 14. h3 Bd7 15. Qe2 $44 {
Tolnai-Gawrikow/Berlin/1989}) 10. exf5 h6 11. Qe2 Rg8 12. h3 Qc7 13. O-O-O (13.
f4 $5 Nc6 14. O-O-O Ne7 $6 15. Rd2 Bd7 16. Rhd1 d5 17. Bxd5 O-O-O 18. Bxf7 Rg7
19. Be6 $16 {Anka-Nowikow/Budapest/1989}) 13... Bd7 14. f4 Bc6 15. fxe5 dxe5
16. Bb6 $1 Qxb6 17. Qxe5+ Be7 18. Rhe1 Be4 19. Nxe4 Kf8 20. Nd6 Qc7 21. Nxf7 $1
$16 {Tolnai-Gawrikow/Budapest/1989}) (7... h5 $1 8. gxh5 $6 (8. g5 Ng4 9. Bc1
$13) 8... b5 $1 (8... Qa5 9. Bg2 Qxh5 10. Bf3 Qh3 11. Qe2 e5 12. Nf5 Bxf5 13.
exf5 Nc6 14. O-O-O Qxf5 15. Nd5 $44 {Malaniuk-Gofstein/Kiev/1989}) 9. Bg2 Bb7
10. a3 Nbd7 11. Qe2 Rc8 12. Bd2 Ne5 13. O-O-O Qb6 14. f4 Nc4 $15 {
Istvíndi-Adorjan/Hungary/1991}) (7... e5 $1 $13 {Ernst Wedberg-Novikov/
Copenhagenop/1991/}) 8. g5 Nfd7 9. h4 (9. f4 b5 10. f5 $5 (10. a3 $5) 10... b4
11. fxe6 bxc3 12. exf7+ Kxf7 13. Bc4+ Ke8 14. O-O Ne5 $13 {Beljawski-Tal/UdSSR/
1972}) 9... Nc6 10. Qh5 (10. Qd2 $14 {Ernst}) 10... O-O 11. O-O-O Nxd4 12. Bxd4
b5 13. e5 $1 (13. f4 Re8 (13... Qa5 14. Rg1 $1 b4 15. Nd5 $1 exd5 16. Qh6 $1
Ne5 $8 17. fxe5 gxh6 18. gxh6+ Kh8 19. exd6+ f6 20. dxe7 Be6 21. exf8=Q+ Rxf8
22. exd5 Bxd5 23. Bd3 Qxa2 24. Rg7 Bg8 25. b3 a5 26. Rdg1 a4 27. Rxg8+ $18) 14.
Bh3 Bf8 15. f5 b4 16. fxe6 (16. Nd5 $2 g6 $1 17. fxe6 fxe6 18. Qg4 Ne5 19. Nf6+
Qxf6 20. gxf6 Nxg4 21. Bxg4 e5 $1 $15 {Horvath,T-Kohlweyer/Frankfurt/1990})
16... fxe6 17. Nd5 $1 (17. g6 h6 $1 18. Nd5 Rb8 $1 $13 {Sax-Polugaewski/
Haninge/1989}) 17... g6 (17... exd5 $2 18. g6 $1 $18) 18. Qf3 exd5 19. e5 $1
dxe5 20. Qxd5+ Kh8 21. Be3 $1 $16) (13. Bd3 {Ernst} Ne5 14. Kb1 Qa5 15. f4 b4
16. Nd5 $1 $16 {Tolnai,T-Paschall,W/New Yorkop/1993/}) 13... dxe5 14. Bxe5 Qe8
(14... Qa5 $2 {Ernst} 15. Rxd7 $3 Bxd7 16. Bd3 g6 17. Qh6 f6 18. Bxg6 $1 hxg6
19. Qxg6+ Kh8 20. gxf6 $18) 15. Bg2 $1 (15. Bxg7 $2 Kxg7 16. Qh6+ Kh8 $1 (16...
Kg8 $2 17. Bd3 f5 18. gxf6 Nxf6 19. Rhg1+ $18) 17. Rxd7 Bxd7 18. Bd3 f5 19.
gxf6 Rf7 20. fxe7 Qxe7 21. Ne4 Bc6 $17) (15. Rxd7 $2 {Ernst} Bxd7 16. Bd3 f5
$19) 15... Nxe5 (15... Ra7 {Ernst} 16. Bd4 Rc7 17. Be4 f5 18. Qxe8 Rxe8 19. Bg2
$10) 16. Bxa8 b4 17. Nb1 Qb5 18. Rhe1 (18. Be4 Ng6 19. Qg4 {/\Rhf1;f4;h5+-})
18... Ng6 19. Nd2 e5 20. Be4 Be6 21. Kb1 a5 22. Bxg6 $2 (22. Qf3 Nxh4 23. Bxh7+
Kxh7 24. Qh5+ Kg8 25. Qxh4 $18) 22... hxg6 23. Qe2 Qxe2 24. Rxe2 f6 25. f3 Kf7
26. Rh1 (26. Ne4 {Ernst} Rh8 $44) 26... Rh8 27. f4 Bg4 28. Rg2 Bc8 29. gxf6 Bb7
30. fxe7 Bxg2 31. Re1 Rxh4 32. e8=Q+ Kxe8 33. Rxe5+ Kf7 34. b3 Rh5 35. Re2 Bd5
36. Ne4 Bxe4 37. Rxe4 Rh4 38. Rc4 Rh5 39. a3 Rb5 40. axb4 axb4 41. Kb2 Kf6 42.
c3 1/2-1/2

[Event "Ostrava m"]
[Site "Ostrava"]
[Date "1998.11.18"]
[Round "5"]
[White "Hracek, Zbynek"]
[Black "Shirov, Alexei"]
[Result "1-0"]
[WhiteElo "2615"]
[BlackElo "2720"]
[Annotator "Hracek,Z"]
[PlyCount "119"]
[EventDate "1998.11.14"]
[EventType "match"]
[EventRounds "6"]
[EventCountry "CZE"]
[SourceTitle "CBM 068"]
[Source "ChessBase"]
[SourceDate "1999.02.01"]
[SourceVersion "1"]
[SourceVersionDate "1999.02.01"]
[SourceQuality "1"]

1. e4 {Ftacnik} c5 2. Nf3 d6 3. d4 cxd4 4. Nxd4 Nf6 5. Nc3 e6 6. g4 h6 7. h4
Be7 8. Be3 Nc6 9. Rg1 h5 10. gxh5 Nxh5 11. Bg5 $5 $146 (11. Be2) 11... Nf6 (
11... a6 {Ftacnik} 12. Qd2 Bd7 13. O-O-O Nf6 14. f3 Qc7 15. Nxc6 Bxc6 16. Bh3
Rd8 17. Qe3 b5 18. Kb1 Bb7 19. Ne2 g6 20. Rd3 {1/2-1/2 Hort,V-Andersson,U/
Bugojno 1980/ (72)}) 12. Qd2 Nxd4 13. Qxd4 Qb6 $6 {Ftacnik: 'Black has got a
bit tired of eternal dance on a tip of the knife and choses a bit more
pieceful waters. Unfortunatelly he had to accept a bit compromited pawn
structure. '} (13... e5 $1 $13 14. Qd2 Be6 $13) 14. Bb5+ $1 Kf8 (14... Bd7 15.
Bxd7+ Kxd7 16. Qd2 (16. Qxb6 axb6 $11 (16... axb6 {Ftacnik} 17. O-O-O $14))
16... Rac8 17. O-O-O Ne8 18. e5 $14) 15. Qxb6 axb6 16. O-O-O Nd7 {'?!' Ftacnik.
} (16... d5 $5 17. f3 $5 $14 (17. exd5 Nxd5 18. Nxd5 exd5 19. Bxe7+ (19. a4 f6
20. Be3 Be6) 19... Kxe7 $14) (17. e5 Nd7 18. Bxd7 Bxd7 19. Bxe7+ Kxe7 20. Rxg7
Rxh4 $13)) (16... e5 $5 {Ftacnik}) 17. Na4 $1 f6 (17... Ra5 {Ftacnik} 18. c4 $1
(18. Bxd7 $6 Bxd7 19. Nxb6 Bc6 20. Bxe7+ Kxe7 $13) 18... Bxg5+ 19. hxg5 $16) (
17... Bxg5+ {Ftacnik} 18. hxg5 Ke7 19. Rh1 $16) 18. Bf4 e5 $6 {Ftacnik: 'A
brave choice of a crises solution, Shirov is ready to sacrifice material in
order to get rid of dangerous pressure.'} (18... Ra5 $5 19. c4 e5 20. Bd2 Ra7
21. Be3 $14 {'+/-' Ftacnik.}) 19. Bxd7 Bxd7 (19... exf4 {Ftacnik} 20. Nxb6 Bxd7
21. Nxa8 $16 (21. Nxa8 {Ftacnik} Bc6 22. f3 $18)) 20. Nxb6 Kf7 $5 (20... Rd8
21. Nxd7+ Rxd7 22. Bg3 $16) 21. Nxa8 (21. Nxd7 {Ftacnik} exf4 $11) 21... Rxa8
22. Be3 Rxa2 {Ftacnik: 'Black doesn't even have a pawn for his lacking
exchange, but very compact pawn structure and solid bishops pair make white
task of converting advantage quite difficult.'} 23. Kb1 Be6 (23... Ra8 {Ftacnik
} 24. f3 $16) 24. b3 Ra8 25. f3 Rh8 26. Bf2 (26. Rh1 $142 $18) 26... f5 27. Kb2
fxe4 28. fxe4 Bd7 $1 (28... Bxh4 $6 {Ftacnik} 29. Rh1 g5 30. Rxd6 $18) 29. Rh1
(29. Be3 $5 Rxh4 30. Bg5 Bxg5 31. Rxg5 $16) 29... Bc6 30. Rde1 Ke6 {Ftacnik:
'The position remains very solid, breaking the defense requires lot of
phantasy.'} (30... b5 $5 {Ftacnik} 31. Kc3 Ke6 32. Kd3 Rf8 33. Bg3 b4 $16) 31.
Bg3 Rh6 (31... Rf8 32. h5 Rh8 (32... Bg5 33. Bh4 Bh6 34. Rhg1 $16) 33. Bh4 Rxh5
34. Bxe7 Rxh1 35. Rxh1 Kxe7 36. Re1 g5 37. Kc3 Ke6 38. Kd3 d5 39. Rg1 dxe4+ 40.
Ke3 Kf5 41. c4 g4 42. b4 $16) 32. Rhg1 $2 Bf6 (32... Bxh4 $1 33. Bxh4 Rxh4 34.
Rg6+ (34. Rxg7 {Ftacnik} Bxe4 $14) 34... Ke7 $1 (34... Kf7 35. Rxd6 Bxe4 36. c4
$16) 35. Rxg7+ Kf6 36. Reg1 Bxe4 $14 (36... Bxe4 {Ftacnik} 37. c4 $16)) 33. Bf2
Kf7 (33... Bxh4 $1) 34. Rd1 Ke6 (34... Bxe4 35. Rxd6 Bxh4 36. Rd7+ (36. Rxh6 {
Ftacnik} Bxf2 37. Rg4 gxh6 38. Rxe4 $16) 36... Ke6 (36... Ke8 37. Rc7 Bxf2 38.
Rgxg7 Kd8 (38... Bd4+ 39. c3) 39. Rcf7 Bd4+ 40. c3 $18) 37. Be3 Kxd7 38. Rxg7+
$18) 35. Rg4 Be8 (35... d5 {Ftacnik} 36. exd5+ Bxd5 37. Rd2 $18) 36. Rd3 Bh5
37. Rg1 Bg6 $2 {'?!' Ftacnik. Ftacnik: 'A serious mistake allowing
simplification, white is immediatelly making instant progress.'} (37... Be2 $16
) (37... Be8 $5 $16 {Ftacnik}) 38. Be3 $18 {'!' Ftacnik.} Bxe4 39. Bxh6 gxh6 (
39... Bxd3 {Ftacnik} 40. Bxg7 Be4 41. Bxf6 Kxf6 42. h5 $18) 40. Rh3 (40. Re3 {
Ftacnik} d5 41. h5 Bg5 42. Reg3 $18) 40... Bf5 {Ftacnik: 'The power of bishops
pair is legendary, but two rooks are simply too strong an enemy.'} 41. Rh2 e4+
42. c3 b5 43. b4 (43. Rf1 $2 {Ftacnik} b4 $1) 43... h5 44. Rg8 Bg4 (44... Ke5 {
Ftacnik} 45. Re8+ Be6 46. Kc2 $18) 45. Kc2 Be5 46. Rg2 Bf6 (46... Bf3 {Ftacnik}
47. R2g5 Kd5 48. Rb8 Kc4 49. Rxe5 dxe5 50. Rc8+ Kd5 51. Rc5+ Kd6 52. Rxb5 $18)
47. R2xg4 {'!' Ftacnik. Ftacnik: 'The advantage of two spare exchanges lies in
the possibility to give one of them back in a proper moment. The weakness of
b5 pawn will decide the game.'} hxg4 48. Rxg4 (48. h5 $1 $18) 48... Kf5 49. Rg8
Bxh4 50. Rb8 d5 51. Rxb5 Ke6 52. Rb6+ Kd7 53. Rg6 Kc7 54. Kd2 Bf2 55. Ke2 Bb6
56. Re6 Bg1 57. c4 dxc4 58. Rxe4 Kb6 59. Rxc4 Kb5 60. Kd3 1-0

[Event "Bundesliga 0102"]
[Site "Germany"]
[Date "2002.04.27"]
[Round "14.4"]
[White "Joachim, Sven"]
[Black "Boensch, Uwe"]
[Result "1-0"]
[WhiteElo "2443"]
[BlackElo "2542"]
[Annotator "Joachim,S"]
[PlyCount "183"]
[EventDate "2001.10.06"]
[EventType "team-tourn"]
[EventRounds "15"]
[EventCountry "GER"]
[SourceTitle "CBM 089"]
[Source "ChessBase"]
[SourceDate "2002.08.12"]
[SourceVersion "1"]
[SourceVersionDate "2002.08.12"]
[SourceQuality "1"]
[WhiteTeam "Werder Bremen"]
[BlackTeam "Koenig Plauen"]
[WhiteTeamCountry "GER"]
[BlackTeamCountry "GER"]

1. e4 c5 2. Nf3 d6 3. d4 cxd4 4. Nxd4 Nf6 5. Nc3 e6 6. g4 h6 7. Be3 a6 8. Bg2
Nc6 9. h3 Ne5 10. Qe2 g5 11. f4 gxf4 12. Bxf4 Nfd7 $146 (12... Qc7 {; 12...Bd7}
) 13. O-O-O Ng6 14. Bg3 (14. Be3 Nde5 $13) 14... h5 $6 (14... Nde5 15. h4 $1) (
14... Be7 $142) 15. gxh5 $1 Qg5+ 16. Kb1 Qxg3 $2 (16... Qxh5 $14) 17. hxg6 Qxg6
18. Nf5 Ne5 (18... d5 19. Ne3 $16) 19. Nxd6+ Bxd6 20. Rxd6 $16 Rg8 21. Bf1 $2 (
21. Bf3) 21... Qg3 22. Rd1 $6 Bd7 23. Qh2 $2 {Der Damentausch kommt Schwarz
zugute.} {23...} Qxh2 24. Rxh2 Ke7 $15 25. Bd3 Rh8 $1 {Danach sah ich alle
Felle wegschwimmen, aber ganz so schlimm ist es wohl noch nicht.} 26. Rf1 (26.
h4 $2 Ng4) 26... Rh4 27. Ne2 $1 Rg8 28. Kc1 Bc6 29. Nf4 Rg3 (29... Ng6 $5 30.
Nxg6+ (30. Ng2 $142) 30... Rxg6 $15) 30. Rhf2 $1 {Jetzt kommt Schwarz nicht so
einfach weiter.} {30...} Be8 31. Kd2 Ng6 $6 {Zu spät, da jetzt der weiße König
den Bauern e4 verteidigen kann.} 32. Nxg6+ Rxg6 33. Rf3 Rg2+ 34. Ke3 Rh2 35. e5
$1 $138 {Endlich erwacht mein Läufer zum Leben.} {35...} R2xh3 36. Rxh3 Rxh3+
37. Kd4 Rh4+ $6 $138 (37... Bc6 $11) 38. Ke3 $6 (38. Kc5) 38... Bc6 39. Rf4 Rh1
$6 {Offenbar wollte Bönsch immer noch gewinnen.} (39... Rxf4 40. Kxf4 f6 $11)
40. Kd4 Re1 41. Rf1 $6 (41. Rg4 {/\Rg5,Kc5} a5 42. Rg5 b6 $11 {; 41.Rf2!?})
41... Rxf1 42. Bxf1 a5 $1 $11 {Am einfachsten.} 43. Kc5 f6 44. exf6+ Kxf6 45.
a3 e5 46. b4 axb4 47. axb4 Kg5 48. c4 {[#]} {48...} Bf3 (48... Kf4 49. Kb6 (49.
b5 Bf3) 49... Ke3 50. c5 Kd4 51. b5 Bf3 52. Bh3 $5 Bd5 (52... e4 53. c6 bxc6
54. bxc6 e3 55. c7 e2 56. c8=Q e1=Q 57. Qc5+ Kd3 58. Bf1+ Be2) 53. Bc8 e4 54.
Bxb7 Bxb7 55. Kxb7 Kxc5 56. b6 e3 $11) 49. Kb6 Kf4 50. c5 {[#]} (50. b5 Ke3 51.
c5 (51. Bh3 Kd4) 51... Kd4 $11 {siehe 48...Kf4}) 50... Ke3 $4 {Kurz vor dem
Ziel strauchelt Bönsch, da er die Stellung für "beliebig" remis hielt und sehr
schnell zog.} (50... Bd5 51. b5 (51. Kc7 Ke3 (51... e4 $2 52. Kd6 Bf7 53. b5
Be8 54. Kc7) 52. Kd6 Kd4 {/\e4 = (CDM)}) 51... e4 $11) 51. Bh3 $1 $16 {Jetzt
entsteht forciert das am Brett fast nicht zu verteidigende Endspiel Dame und
Springerbauer gegen Dame. Sechs Wochen zuvor hätte ich auf der schwächeren
Seite gegen Polzin in dieses Endspiel einlenken können - nachdem ich das
vermieden hatte, konnte ich damals nur mit Hilfe Caissas remis halten. Nach
der Partie gegen Polzin befasste ich mich etwas genauer mit diesem Endspiel,
was mir nunmehr natürlich sehr zustatten kam. Allerdings hinderte mein neu
erworbenes Wissen mich nicht daran, Fehler zu begehen.} (51. b5 $2 Kd4 $11 {
siehe 48...Kf4}) 51... Kf2 52. Bc8 e4 53. Bxb7 e3 54. Ba6 Be2 (54... e2 $2 55.
Bxe2 Kxe2 56. c6 Kd3 57. Kc5 $18) (54... Bg2 55. c6 Bf1 56. c7 (56. Bxf1 Kxf1 {
siehe 54...Be2}) 56... Bxa6 57. Kxa6 e2 58. c8=Q e1=Q $16) 55. Bxe2 Kxe2 56. c6
{Die Zeichensetzung für den Rest der Partie folgt der "Nunn-Konvention". [#]} {
56...} Kd1 $2 $18 {Ich war sehr angetan von diesem Fehlzug, der zeigt, dass
mein Gegner mit diesem Endspiel nicht genügend vertraut war. Der König muss
zur Ecke h1 streben, wonach die Stellung theoretisch remis ist (am Brett ist
das allerdings sehr schwer zu beweisen!). Was ich allerdings nicht gedacht
hätte, ist, dass Kd1 außer Ke1?? der einzige (!!) Verlustzug ist!} (56... Kf1
57. c7 e2 58. c8=Q e1=Q $16) (56... Kd3 $6 57. c7 e2 58. c8=Q e1=Q 59. b5 Qf2+
60. Kb7 Qf7+ $1 61. Qc7 {Wer findet die beiden folgenden einzigen schwarzen
Züge?} {61...} Qf8 $3 62. b6 Ke2 $1 $16) 57. c7 e2 58. c8=Q e1=Q {[#] Beide
Spieler hatten noch etwa 45 Minuten für den Rest der Partie, und fehlerfreies
Spiel ist damit wohl kaum möglich.} 59. b5 $1 ({(Einziger Zug lt. Nalimov
Tablebases/CDM) Ich verwarf} 59. Qd7+ $2 {, weil ich befürchtete, dass der
König nach} Kc2 {hinter meinen Bauern gelangt, was manchmal remis ist, z.B.}
60. b5 Kb3 61. Kb7 Kc4 62. b6 Qa1 $1 {(einziger Zug =, NT/CDM)}) 59... Qf2+ $6
{Weiß drohte nichts, daher hätte Schwarz die Dame zentralisieren sollen,
wonach Weiß den Bauern bei bestem Spiel erst in 70 (!) Zügen umwandeln könnte
und fast an der 50-Züge-Regel scheitern würde. Die folgende Datenbankzugfolge
ist für mich kaum nachzuvollziehen.} (59... Qe4 60. Qc6 $1 Qe5 61. Qc5 Qb8+ 62.
Ka6 Qa8+ 63. Qa7 Qc8+ 64. Qb7 $1 Qe6+ 65. Qc6 $1 Qe2 66. Qd5+ Ke1 67. Ka5 Kf2
$5 68. b6 $1 Qe1+ 69. Kb5 Qe8+ 70. Kc5 Qe7+ 71. Qd6 Qg5+ 72. Kc6 Qg2+ 73. Qd5
Qg6+ 74. Kc5 Qc2+ 75. Kd6 Qg6+ 76. Qe6 Qg3+ 77. Kc5 Qg5+ 78. Kc4 Qc1+ 79. Kd5
Qb2 80. Qg6 Qb5+ 81. Kd4 Qb4+ 82. Ke5 Qc5+ 83. Kf4 {Der weiße König muss sich
am Königsflügel vor den Schachs verbergen. Eine ähnliche, aber sehr viel
einfachere Situation entsteht nachher in der Partie.} Qd4+ 84. Kf5 Qc5+ 85. Kg4
Qd4+ 86. Kh5 Qd5+ 87. Kh6 Ke1 88. Qg3+ Ke2 89. Qg4+ Kf1 90. Qg5 Qh1+ 91. Kg6
Qb7 92. Qc1+ Kf2 93. Qc5+ Ke1 94. Kf5 Qf7+ 95. Ke5 Qh5+ 96. Kd6 Qg6+ 97. Kd7
Qg4+ 98. Kc7 Qg7+ 99. Kc6 Qg6+ 100. Qd6 Qe8+ 101. Qd7 Qg6+ 102. Kc7 Qg3+ 103.
Qd6 Qg7+ 104. Kc8 Qh8+ 105. Kd7 Qb2 106. Qg6 Qb5+ 107. Kd8 Qb4 108. Qf6 Qa5
109. Ke8 Qb5+ 110. Kf8 Kd2 111. Qf4+ Kc3 112. Qf3+ Kb2 113. b7 {und Weiß
wandelt nach weiteren 16 Zügen um}) (59... Qe5 60. Qc5 {siehe 59...Qe4}) 60.
Qc5 Qf6+ {[#]} 61. Kb7 $2 {Eine perfekte Revanche für den 56. schwarzen Zug!
Außer noch 61.Qd6+?? hätten alle anderen Züge gewonnen (am besten 61.Kc7, NT/
CDM). Auf b7 blockiert der weiße König den Bauern, was seinem Kollegen die
Chance gibt, in die Remisecke zu flüchten...} Qf7+ $2 {...aber er nutzt sie
nicht!} (61... Ke2 $11 {/Ke1=}) 62. Qc7 $6 (62. Kb8 $142 {/Kc8/Kc6}) 62... Qd5+
63. Qc6 $1 Qf7+ 64. Kc8 Ke1 $5 {Jetzt läuft er doch in die richtige Ecke, und
Weiß muss sehr genau spielen.} 65. Qe4+ $2 {Das ist das ideale Feld für die
Dame - aber nur mit einem bereits nach b7 vorgerückten Bauern. Auf b6 ist der
Bauer nicht durch die Dame gedeckt, und Weiß kann dem Dauerschach nicht
entrinnen ohne dass die Dame das Feld e4 wieder verläßt. Allein richtig war
daher} (65. b6 $1 {, z.B.} Qf8+ 66. Kd7 Qf7+ 67. Kd8 Kf2 $5 (67... Kf1 68. b7)
68. Qe4 $1 (68. b7 $2 Qf8+ $1 {Es ist merkwürdig, dass diese Stellung mit dem
König auf f1 für Weiß gewonnen ist, mit dem König auf f2 hingegen remis. Wer
versteht das?} 69. Kc7 Qe7+ $1 70. Qd7 Qc5+ $1 71. Kd8 Qf8+ $1 72. Qe8 Qd6+ 73.
Kc8 Qc5+ $1) 68... Qf8+ 69. Kd7 $1 Qg7+ 70. Kc6 Qc3+ 71. Kd6 Qg3+ 72. Qe5 Qb3
73. Kc6 Qa4+ 74. Qb5 Qe4+ 75. Qd5 $1 Qe8+ 76. Kc5 {und weiter wie nach 70.Kc5
in der Anmerkung zu 59...Qe4 -- oops, diesmal dauert es anscheinend leider
mehr als 50 Züge, bis der Bauer vorgehen kann...}) 65... Kf1 $1 66. b6 Qf8+ 67.
Kd7 Qg7+ 68. Kc6 {Der weiße König würde gern zum Königsflügel laufen, auf eine
Linie, die zu der des schwarzen Königs benachbart ist. Das scheitert aber
daran, dass der Bauer nicht gedeckt ist.} (68. Ke8 Qg8+ $1 69. Ke7 Qg7+ $1 {
und es geht nicht weiter}) (68. Ke6 $6 Qh6+ {hätte mich den Bauern und uns den
Mannschaftskampf gekostet.}) 68... Qc3+ 69. Kb5 Qb2+ 70. Kc5 Qa3+ 71. Qb4 {
Sieht es schließlich ein.} Qe3+ $1 72. Qd4 Qe7+ 73. Kb5 Qe8+ $1 74. Ka5 Qe1+
75. Ka6 Qe2+ 76. Ka7 Qa2+ 77. Kb8 Qh2+ $6 {Jetzt gehen die Schachs zu Ende.} (
77... Qg8+ $142 $5 {und es ist nicht klar, wohin der weiße König laufen soll -
zum Königsflügel oder auf die unteren Reihen am Damenflügel?} 78. Kc7 Qf7+ 79.
Kd6 Qg6+ 80. Ke7 (80. Kc5 Qf5+ $1 81. Kb4 (81. Qd5 Qf2+ $1 82. Kb5 Qb2+ $1 83.
Kc6 Qc3+) 81... Qb1+ 82. Ka3 Qc1+) 80... Qh7+ $1 81. Kf8 (81. Kf6 $4 Qh8+) (81.
Ke6 Qg8+ 82. Kf5 Qh7+ $1 83. Kg4 Qg6+ 84. Kh3 Qe6+) 81... Qh6+ 82. Kg8 Qg6+)
78. Kc8 Qh3+ 79. Kd8 {Hier war ich mir ziemlich sicher, dass ich gewinnen
würde, obwohl die Stellung immer noch remis ist.} {79...} Qb3 ({Auch} 79... Qf3
{hält remis.}) 80. Qf4+ Kg1 $1 ({Ich hatte auf} 80... Kg2 $2 81. Qe4+ $1 Kg1
82. b7 $1 {gehofft, wonach Weiß die Idealstellung erreicht hätte.}) 81. Qg5+ {
[#]} Kf1 $2 {Auf der f-Linie steht der König schlecht, was später noch
deutlich werden wird.} (81... Kh2 $11 {/Kh1=}) 82. Qf6+ $2 {Läßt den König
wieder in die Ecke.} (82. Qg6 $1 {Wer versteht die nachfolgenden Züge? (+-,
einziger Zug lt. Nalimov Tablebases, CDM)} Qe3 83. b7 Qd4+ 84. Kc7 Qc5+ 85. Qc6
Qe7+ 86. Kb6 Qe3+ 87. Qc5 Qe6+ 88. Kb5 Qb3+ 89. Kc6 Qe6+ 90. Qd6 Qc4+ 91. Kd7
Qb5+ 92. Kc7 Qc4+ 93. Kd8 Qg8+ 94. Kd7 Qg4+ 95. Ke8 Qh5+ 96. Kd8 Qg5+ 97. Qe7 {
und weiter wie nach 86.Qe7! in der Anmerkung zum 84.Zug von Schwarz}) 82... Kg1
83. Qg7+ {[#]} {83...} Kf1 $2 ({Verpaßt damit die letzte Remisrettung. Korrekt
war} 83... Kh1 $11 {(oder auch Kh2=),z.B. (MT/CDM)} 84. b7 Qd5+ 85. Ke8 Qe4+
86. Kf8 Qf5+ $1 87. Kg8 (87. Qf7 Qc5+ $1 88. Kg8 (88. Qe7 Qf5+ $1 89. Kg7 Qg4+
$1) 88... Qg5+ $1 89. Kh7 Qh4+ $1) 87... Qe6+ (87... Qd5+) 88. Qf7 Qg4+ $1 89.
Kh8 (89. Qg7 Qe6+ $1) 89... Qd4+ $1 90. Qg7 Qd8+ $1 91. Kh7 Qd3+ $1 {, und
Weiß kann jeweils nicht gewinnen.}) 84. b7 $5 {[#] Das ist einfacher als der
andere Gewinnzug 84.Qg6 - siehe 82.Qg6!} {84...} Qd5+ $6 (84... Qb5 $5 {
hätte die Sache noch ziemlich schwer gemacht, da der weiße König dann nicht so
einfach nach g8 laufen kann.} 85. Qc7 Qg5+ 86. Qe7 $1 Qb5 87. Kc7 Qc4+ 88. Kd7
Qb5+ 89. Ke6 Qb3+ 90. Kf6 Qf3+ 91. Kg7 Qg3+ 92. Kf7 Qb3+ 93. Kf8 $18) 85. Ke8
$5 {Findet den richtigen Plan, der mit dem schwarzen König auf der h-Linie
allerdings keinen Sinn gemacht hätte.} {85...} Qc6+ 86. Kf8 Qd6+ 87. Kg8 {
Jetzt sieht man, weshalb der schwarze König auf der f-Linie schlecht steht -
Schwarz kann weder auf der achten Reihe noch auf der Diagonalen a2-g8 Schach
bieten. Stünde der König auf h1, würden Schachs auf d8, d5 oder e6 remis
halten.} {87...} Ke1 88. Qa1+ Ke2 89. Qb2+ Ke1 90. b8=Q Qd5+ 91. Kf8 Qc5+ 92.
Ke8 {Dreimal habe ich in dem Damenendspiel den Gewinn ausgelassen. Verglichen
mit anderen Beispielen aus der Turnierpraxis ist das relativ schlecht, aber da
sich der schwarze König immer nahe der Remiszone aufhielt, war die Stellung an
der Grenze zwischen Gewinn und Remis, sodass ich insgesamt vielleicht doch
nicht so übel gespielt habe.} 1-0

[Event "San Martin"]
[Site "San Martin"]
[Date "1995.??.??"]
[Round "7"]
[White "Ginzburg, Maximiliano"]
[Black "Ricardi, Pablo"]
[Result "0-1"]
[WhiteElo "2450"]
[BlackElo "2530"]
[Annotator "King,D"]
[PlyCount "88"]
[EventDate "1995.03.??"]
[EventType "tourn"]
[EventRounds "13"]
[EventCountry "ARG"]
[EventCategory "10"]
[SourceTitle "CBM 048"]
[Source "ChessBase"]
[SourceDate "1995.10.01"]
[SourceVersion "1"]
[SourceVersionDate "1995.10.01"]
[SourceQuality "1"]

1. e4 c5 2. Nf3 d6 3. d4 cxd4 4. Nxd4 Nf6 5. Nc3 e6 6. g4 h6 7. h4 Nc6 8. Rg1
d5 9. Bb5 Bd7 10. exd5 Nxd5 11. Nxd5 exd5 12. Be3 a6 13. Ba4 Bd6 14. Qd2 O-O
15. Bxc6 bxc6 16. O-O-O Rb8 $1 (16... Qxh4 $6 17. g5 {...hands the initiative
to White.}) 17. g5 h5 $1 {Keeping the Kside closed.} 18. Nb3 Bf5 19. Qc3 Rb4
20. Nd4 Rc4 21. Qxc4 dxc4 22. Nxf5 Qa5 23. Nxd6 Qxa2 24. g6 c3 25. bxc3 Qa3+
26. Kd2 Qxd6+ 27. Ke2 Qe6 28. gxf7+ Rxf7 29. Rd8+ Kh7 30. Rd4 c5 31. Ra4 Qf5
32. Rf4 Qxc2+ 33. Kf3 Rxf4+ 34. Kxf4 Qa4+ 35. Kf3 Qxh4 36. Bxc5 Qf6+ 37. Ke4
Qxc3 38. Be3 Qc6+ 39. Kf4 Qf6+ 40. Ke4 Qe6+ 41. Kf4 a5 42. Rg5 Qf7+ 43. Kg3 a4
44. Bd4 a3 0-1